| 000 | 00603nam a22002297a 4500 | ||
|---|---|---|---|
| 001 | 438 | ||
| 003 | FISKH | ||
| 005 | 20230421083912.0 | ||
| 008 | 230421b cb ||||| |||| 00| 0 eng d | ||
| 040 |
_aFISKH _beng _cFISKH _dFISKH |
||
| 050 | _aPE1119.H68 | ||
| 082 | _a428.6 | ||
| 100 | _aBooth, Jack | ||
| 245 | _aHow I wonder / | ||
| 260 |
_aToronto _bImpressions _c1985 |
||
| 300 |
_a80 pages : _bcolor illustrations ; _c26 cm. |
||
| 505 | _aD | ||
| 520 | _aTeaches names of colors, numbers, and letters of the alphabet. | ||
| 521 | 8 |
_a200
_bLexile |
|
| 521 | 8 |
_aD
_bRaz-Plus |
|
| 942 |
_2ddc _cBK _n0 |
||
| 999 |
_c438 _d438 |
||